Movies With A113 Quiz - Statistics

General Stats
  • This quiz has been taken 11 times
  • The average score is 11 of 53
Answer Stats
Hint Answer % Correct
1995 Toy Story
100%
1999 Toy Story 2
83%
2010 Toy Story 3
83%
2019 Toy Story 4
67%
2008 Wall-E
67%
1997 A Bug's Life
50%
2012 Brave
50%
2006 Cars
50%
2011 Cars 2
50%
2017 Cars 3
50%
2009 Up
50%
2017 Coco
33%
2016 Finding Dory
33%
2003 Finding Nemo
33%
2015 Inside Out
33%
2001 Monsters Inc
33%
2013 Monsters University
33%
2016 The Good Dinosaur
33%
2019 Avengers: Endgame
17%
2014 Big Hero Six
17%
2021 Luca
17%
2020 Onward
17%
2007 Ratatouille
17%
2020 Soul
17%
2012 The Avengers
17%
2004 The Incredibles
17%
2018 The Incredibles 2
17%
2010 Alpha and Omega
0%
2014 Dawn of the Planet of the Apes
0%
2014 Guardians of the Galaxy
0%
2019 Klaus
0%
2006 Leroy and Stitch
0%
2002 Lilo and Stitch
0%
2007 Meet the Robinsons
0%
2004 Mickey, Donald, Goofy: The Three Musketeers
0%
2011 Mission Impossible: Ghost Protocol
0%
2014 Neighbors
0%
2009 Planet 51
0%
2018 Ralph Breaks the Internet
0%
2011 Rise of the Planet of the Apes
0%
2016 Sausage Party
0%
2013 Saving Mr. Banks
0%
2017 Spider-Man: Homecoming
0%
2009 Terminator: Salvation
0%
2014 The Book of Life
0%
1987 The Brave Little Toaster
0%
2020 The Call of the Wild
0%
2013 The Colony
0%
2013 The Hunger Games: Catching Fire
0%
1999 The Iron Giant
0%
2009 The Princess and the Frog
0%
1998 The Truman Show
0%
2015 Tomorrowland
0%
No matching quizzes found
Score Distribution
Percent of People with Each Score
Percentile by Number Answered
Your Score History
You have not taken this quiz